LEADER 01802nam a2200337 4500 001 000000351905 003 CaOOAMICUS 005 20221019121621.0 008 221017s2020 it 000 u mul r 020 $z978-88-934636-8-3* 040 $aSeMil$bita 100 1 $aPetrus : Damiani,$c.$0(OLS)http://semarc/name/1200 240 10$aDe divina omnipotentia.$0(OLS)http://semarc/title/441706 245 10$aSull'onnipotenza divina :$bdisputa sulla questione nella quale si domanda in che modo Dio, se è onnipotente, possa far sì che ciò che è accaduto non sia accaduto /$cPier Damiani ; a cura di Roberto Limonta ; prefazione di Mt. Fumagalli Beonio Brocchieri. 264 1$aMilano :$bLa vita felice,$c2020. 300 $a272 p. ;$c17 cm 490 1 $aLa coda di paglia ;$v54 546 $aTesto latino a fronte 650 4$aPier : Damiani - Opere.$0(OLS)http://semarc/subject/928 700 1 $aLimonta, Roberto,$d<1970- >.$0(OLS)http://semarc/name/112466 700 1 $aFumagalli Beonio Brocchieri, Mariateresa,$d<1933- >.$0(OLS)http://semarc/name/19468 830 3$aLa coda di paglia ;$v54.$0(OLS)http://semarc/title/19929 850 $aSeMil 852 $aSeMil$W1$xVenegono$y1$m2N I 171$j235397$B243089$CSeMilBibl$Z2$F243089 $81 900 1 $aPier : Damiani. 961 $aBrambilla don Paolo - Omaggio 996 $6020$z978-88-934636-8-3*$9(OLS)http://semarc/number/296949 996 $6245$aSull'onnipotenza divina :$bdisputa sulla questione nella quale si domanda in che modo Dio, se è onnipotente, possa far sì che ciò che è accaduto non sia accaduto$9(OLS)http://semarc/title/441707 996 $6264$aMilano :$bLa vita felice$9(OLS)http://semarc/publisher/56086 LEADER 00843nam a2200193 4500 001 000000364896 003 CaOOAMICUS 005 20251027164656.0 008 251027s1907 it 000 u ita r 040 $aSeMil$bita 100 1 $aDonadoni, Leone.$0(OLS)http://semarc/name/120462 245 13$aUn po' di storia del Convegno femminile tenutosi in Milano, 22-28 aprile 1907 :$bimpressioni /$cdel dott. Leone Donadoni. 264 1$aMilano :$bLa Prealpina,$c1907. 300 $a16 p. ;$c25 cm 850 $aSeMil 852 $aSeMil$W1$xVenegono$y1$m5C VIII 1/17$j263852$B255713$CSeMilBibl$Z2$F255713 $8I 996 $6245$aUn po' di storia del Convegno femminile tenutosi in Milano, 22-28 aprile 1907 :$bimpressioni$9(OLS)http://semarc/title/456391 996 $6264$aMilano :$bLa Prealpina$9(OLS)http://semarc/publisher/62682